<?xml version="1.0" encoding="UTF-8"?>
<record
    xmlns:xsi="http://www.w3.org/2001/XMLSchema-instance"
    xsi:schemaLocation="http://www.loc.gov/MARC21/slim http://www.loc.gov/standards/marcxml/schema/MARC21slim.xsd"
    xmlns="http://www.loc.gov/MARC21/slim">

  <leader>02435nka a2200385 i 4500</leader>
  <controlfield tag="001">102977</controlfield>
  <controlfield tag="003">ES-MaACL</controlfield>
  <controlfield tag="005">20250822063151.0</controlfield>
  <controlfield tag="007">t|</controlfield>
  <controlfield tag="008">051222q1800    sp f   |     |r||1c|spa d</controlfield>
  <datafield tag="100" ind1="0" ind2=" ">
    <subfield code="a">Patas, Jean-Baptiste,</subfield>
    <subfield code="d">1748-1817?</subfield>
    <subfield code="e">egr</subfield>
    <subfield code="9">89553</subfield>
  </datafield>
  <datafield tag="245" ind1="1" ind2="1">
    <subfield code="a">[C&#xE9;falo y Procris] </subfield>
    <subfield code="h">[Material gr&#xE1;fico] / </subfield>
    <subfield code="c">Peint par P. Veronese ; Designe par Ant. Mart&#xED;nez ; Grav&#xE9; par Patas</subfield>
  </datafield>
  <datafield tag="260" ind1=" " ind2=" ">
    <subfield code="a">[Madrid] : </subfield>
    <subfield code="b">Se hallar&#xE1; en la Calcograf&#xED;a de la Imprenta Real, </subfield>
    <subfield code="c">[ca. 1800]</subfield>
  </datafield>
  <datafield tag="300" ind1=" " ind2=" ">
    <subfield code="a">1 estampa : </subfield>
    <subfield code="b">grabado calcogr&#xE1;fico ; </subfield>
    <subfield code="c">481 x 395 mm</subfield>
  </datafield>
  <datafield tag="490" ind1="1" ind2=" ">
    <subfield code="a">Colecci&#xF3;n facticia de grabados ;</subfield>
    <subfield code="v">29</subfield>
    <subfield code="9">184692</subfield>
  </datafield>
  <datafield tag="500" ind1=" " ind2=" ">
    <subfield code="a">Inscripci&#xF3;n; "C&#xE9;falo y Procris, de Pablo Beron&#xE9;s... se ha trasladado del Real Palacio al Museo de Madrid"</subfield>
  </datafield>
  <datafield tag="500" ind1=" " ind2=" ">
    <subfield code="a">Estampa que reproduce la pintura de Veronese que se conservaba en el Palacio Real de Madrid, hoy en el Mus&#xE9;e des Beaux-Arts de Strasburg, Francia. Jean Baptiste Patas grab&#xF3; la plancha de cobre a partir del dibujo de Antonio Mart&#xED;nez</subfield>
  </datafield>
  <datafield tag="520" ind1=" " ind2=" ">
    <subfield code="a">La estampa representa el accidente de caza en el que C&#xE9;falo mata por error a su amada Procris, quien yace en el suelo, sobre su mano izquierda se apoya la lanza o venablo, en su pecho desnudo puede verse la herida mortal, a su lado C&#xE9;falo la mira y sujeta su mano derecha, a su alrededor sus perros, uno de ellos probablemente sea L&#xE9;lape. M&#xE1;s all&#xE1;, a la izquierda, Procris, con dos perros entre los arboles, antes de ser herida</subfield>
  </datafield>
  <datafield tag="530" ind1=" " ind2=" ">
    <subfield code="a">Disponible en formato digital </subfield>
  </datafield>
  <datafield tag="650" ind1=" " ind2="7">
    <subfield code="a">C&#xE9;falo (Personaje mitol&#xF3;gico)</subfield>
    <subfield code="2">embne</subfield>
    <subfield code="9">10866</subfield>
  </datafield>
  <datafield tag="650" ind1=" " ind2="7">
    <subfield code="a">Procris (Personaje mitol&#xF3;gico)</subfield>
    <subfield code="2">embne</subfield>
    <subfield code="9">16441</subfield>
  </datafield>
  <datafield tag="655" ind1=" " ind2="7">
    <subfield code="a">Grabados calcogr&#xE1;ficos</subfield>
    <subfield code="2">tgfbne</subfield>
    <subfield code="9">241761</subfield>
  </datafield>
  <datafield tag="655" ind1=" " ind2="7">
    <subfield code="a">Grabados</subfield>
    <subfield code="2">tgfbne</subfield>
    <subfield code="9">226846</subfield>
  </datafield>
  <datafield tag="655" ind1=" " ind2="4">
    <subfield code="a">Reproducciones de obras de arte</subfield>
    <subfield code="9">241931</subfield>
  </datafield>
  <datafield tag="700" ind1="0" ind2=" ">
    <subfield code="a">Il Veronese,</subfield>
    <subfield code="d">1528-1588</subfield>
    <subfield code="e">art</subfield>
    <subfield code="9">65165</subfield>
  </datafield>
  <datafield tag="700" ind1="1" ind2=" ">
    <subfield code="a">Mart&#xED;nez, Antonio, </subfield>
    <subfield code="d">1750?-1798</subfield>
    <subfield code="e">drm</subfield>
    <subfield code="9">77718</subfield>
  </datafield>
  <datafield tag="710" ind1="2" ind2=" ">
    <subfield code="a">Calcograf&#xED;a de la Imprenta Real</subfield>
    <subfield code="e">edt</subfield>
    <subfield code="9">241806</subfield>
  </datafield>
  <datafield tag="830" ind1=" " ind2="0">
    <subfield code="a">Colecci&#xF3;n facticia de grabados ;</subfield>
    <subfield code="v">29</subfield>
    <subfield code="9">184692</subfield>
  </datafield>
  <datafield tag="852" ind1="4" ind2=" ">
    <subfield code="a">ES-MaACL</subfield>
    <subfield code="c">DEPO2</subfield>
    <subfield code="j">GF-2(29)</subfield>
  </datafield>
  <datafield tag="856" ind1="4" ind2=" ">
    <subfield code="u">https://bdh-rd.bne.es/viewer.vm?id=0000309911&amp;page=1</subfield>
    <subfield code="y">Versi&#xF3;n en l&#xED;nea</subfield>
    <subfield code="z">(Biblioteca Digital Hisp&#xE1;nica)</subfield>
  </datafield>
  <datafield tag="856" ind1="4" ind2=" ">
    <subfield code="u">https://www.museodelprado.es/coleccion/obra-de-arte/cefalo-y-procris/2bb21fef-2bd7-417f-b3a1-6fa974fa673e</subfield>
    <subfield code="y">Versi&#xF3;n en l&#xED;nea</subfield>
    <subfield code="z">(Museo del Prado)</subfield>
  </datafield>
  <datafield tag="942" ind1=" " ind2=" ">
    <subfield code="2">udc</subfield>
    <subfield code="c">DIBGRB</subfield>
    <subfield code="n">0</subfield>
  </datafield>
  <datafield tag="999" ind1=" " ind2=" ">
    <subfield code="c">102977</subfield>
    <subfield code="d">102977</subfield>
  </datafield>
  <datafield tag="952" ind1=" " ind2=" ">
    <subfield code="0">0</subfield>
    <subfield code="1">0</subfield>
    <subfield code="2">udc</subfield>
    <subfield code="4">0</subfield>
    <subfield code="7">0</subfield>
    <subfield code="8">Colecci&#xF3;n_digital</subfield>
    <subfield code="a">ATENEOM</subfield>
    <subfield code="b">ATENEOM</subfield>
    <subfield code="c">DEPO2</subfield>
    <subfield code="d">2008-01-17</subfield>
    <subfield code="l">0</subfield>
    <subfield code="o">GF-2(29)</subfield>
    <subfield code="p">1107520</subfield>
    <subfield code="r">2023-02-23 00:00:00</subfield>
    <subfield code="y">DIBGRB</subfield>
  </datafield>
</record>
